000
00315nam a2200145Ia 4500
100
_a
Kreyszig/ Erwin
942
_c
BK
654
_a
engg. Mathematics
245
_a
Advanced engg. Mathematics
260
_b
John wiley
_a
New York
_c
1988
082
_a
610
_b
Kre
300
_a
1294
546
_a
ENGLISH
999
_c
33656
_d
33656